| 000 | 00423nam a2200193Ia 4500 | ||
|---|---|---|---|
| 003 | OSt | ||
| 005 | 20251119101519.0 | ||
| 008 | 250729s1980 xx 000 0 und d | ||
| 020 | _a978-1940595399 | ||
| 040 | _cAL | ||
| 041 | _aeng | ||
| 082 | _a823 CLIC | ||
| 100 |
_aCline Terry _9224567 |
||
| 245 | _aCross current | ||
| 260 |
_aLondon _c1980 |
||
| 300 | _a285p | ||
| 650 |
_aFiction _9224568 |
||
| 942 |
_2ddc _cBED |
||
| 999 |
_c236474 _d236474 |
||